[Event "Madurai Athens of the East op-B 4th"]
[Site "Madurai"]
[Date "2024.12.24"]
[Round "2"]
[White "Ragavan, Samarth Rajesh"]
[Black "Prasanna Karthick, M."]
[Result "0-1"]
[WhiteElo "1704"]
[BlackElo "1993"]
[PlyCount "118"]
[EventDate "2024.12.24"]
[EventType "swiss"]
[EventRounds "10"]
[EventCountry "IND"]
[SourceTitle "CB02_2025"]
[SourceDate "2025.01.08"]
[SourceVersion "1"]
[SourceVersionDate "2025.01.08"]
[SourceQuality "1"]

1. d4 Nf6 2. c4 e6 3. Nc3 d5 4. Bg5 Be7 5. e3 0-0 6. Nf3 Nbd7 7. Bd3 c5 8. 0-0 cxd4 9. exd4 dxc4 10. Bxc4 Nb6 11. Bb3 h6 12. Bh4 Nbd5 13. Nxd5 Nxd5 14. Bg3 b6 15. Ne5 Bb7 16. Rc1 Bd6 17. Nc6 Bxc6 18. Rxc6 Bxg3 19. hxg3 Ne7 20. Rc3 Qd6 21. Rd3 Rfd8 22. Qf3 Rac8 23. Re1 Nd5 24. Bxd5 Qxd5 25. Qxd5 Rxd5 26. Re5 Rc1+ 27. Kh2 Rc2 28. Rxd5 exd5 29. Rb3 Rxf2 30. Rb5 Rd2 31. Rxd5 Rxb2 32. Rd7 Rxa2 33. d5 g6 34. d6 Kg7 35. Rb7 Rd2 36. d7 a5 37. Rxb6 Rxd7 38. Ra6 Rd5 39. Kg1 h5 40. Kf2 Kh6 41. Ra7 Kg5 42. Ke3 Rf5 43. g4 Kxg4 44. Kd4 Kg3 45. Kc4 Kxg2 46. Kb3 h4 47. Ka4 h3 48. Ra8 h2 49. Rh8 Rh5 50. Rxh5 gxh5 51. Kxa5 h1Q 52. Kb6 Qc1 53. Kb5 h4 54. Kb6 h3 55. Kb5 h2 56. Kb6 h1Q 57. Kb7 Qh8 58. Kb6 Qb8+ 59. Ka6 Qa3# 0-1